000 00560nam a2200193Ia 4500
003 IN-BaIIA
008 211028s9999 xx 000 0 eng d
020 _a81-7371-211-5
040 _cIIA Library
080 _a538.3
_bFEY
100 _aFeynman, R. P.
_94166
245 0 _aQED
_bthe strange theory of light and matter
_cR. P. Feynman
260 _aIndia
_bUniversities Press
_c1999
300 _ax, 158 p.
650 _aphotons
_93335
650 _aqed
650 _aquantum electrodynamics
_92630
942 _cBK
999 _c14077
_d14077